01303nam a2200229 a 4500008004100000020001800041041000800059092001900067100003600086245017200122250001100294260005400305300001100359500025800370502008400628653004500712700002700757700002700784942001200811999001500823952023500838170511e2016 gw ||||| |||| 00| 0 spa d a9783639603668 aspa c610.7l62sOLA1 aOlavegogeascoechea, Pablo92925 aEnseñanza en medicina de la metodología del diagnóstico clínico.bEnseñanza en medicina de una metodología en pequeños grupos /cPablo Olavegogeascoechea a1a ed. aBerlin:bEditorial Académica Española;c2016. a120 p. aOlavegogeascoechea, P., Calvet, M. y Federico, A. (2016). Enseñanza en medicina de la metodología del diagnóstico clínico. Enseñanza de la medicina de una metodología en pequeños grupos. (1a ed.). Berlin : Editorial Académica Española. aTesis de maestria presentada por el medico Pablo Olavegogeascoechea. Año 2016 aMetodología de enseñanza en medicina1 aCalvet, Mónica929261 aFederico, Andrea92927 2ddccBK c2409d2409 00102ddc40708NFICaBFMbBFMcCRd2017-05-11eDonacion Olavegogeascoechea, Pablo. Mayo 2017l0o610.7; 62; OLAp3862r2017-05-11tEj. 1w2017-05-11yBKzDonacion Dr. Prof. Olavegogeascoechea, Pablo. Tesis de Maestria. Mayo 2017